[Event "C.to Provinciale CZ"]
[Site "Catanzaro ITA"]
[Date "2013.01.19"]
[Round "3"]
[White "Bellisario, Carlo"]
[Black "Olivo, Paolo"]
[WhiteElo "1589"]
[BlackElo "1772"]
[Result "1/2-1/2"]
[PlyCount "44"]
[EventDate "2013.01.18"]

1. c4 g6 2. Nc3 Bg7 3. g3 Nf6 4. Bg2 O-O 5. e3 e6 6. Nge2 c6 7. O-O d5 8. cxd5
cxd5 9. d4 Nc6 10. f4 Rb8 11. Rb1 b5 12. b4 a6 13. a3 Nd7 14. Qb3 Nb6 15. Nd1
Nc4 16. Nb2 Nd6 17. Bd2 Ne4 18. Bxe4 dxe4 19. Rbc1 Bb7 20. Rfd1 Ne7 21. Nc3 Qd7
22. Qc2 Rbc8 1/2-1/2

[Event "C.to Provinciale CZ"]
[Site "Catanzaro ITA"]
[Date "2013.01.19"]
[Round "3"]
[White "Caputo, Francesco"]
[Black "Mercuri, Delia"]
[WhiteElo "1626"]
[BlackElo "1656"]
[Result "1/2-1/2"]
[PlyCount "57"]
[EventDate "2013.01.18"]

1. e4 e5 2. Nf3 d6 3. d4 exd4 4. Nxd4 Nf6 5. Nc3 Be7 6. Bc4 a6 7. f3 Bd7 8. Be3
Nc6 9. Nxc6 Bxc6 10. Nd5 Nxd5 11. Bxd5 Qd7 12. O-O O-O 13. c4 Bxd5 14. Qxd5 c6
15. Qd2 Qe6 16. b3 f5 17. exf5 Qxf5 18. Rad1 Rad8 19. Bf2 d5 20. c5 Rd7 21.
Rfe1 Qg6 22. Re2 Rxf3 23. Rde1 Rf7 24. Qe3 h6 25. Qh3 Rc7 26. b4 Bf6 27. Re6
Rf8 28. Qe3 Qg4 29. h3 1/2-1/2

[Event "C.to Provinciale CZ"]
[Site "Catanzaro ITA"]
[Date "2013.01.19"]
[Round "3"]
[White "Cordi', Domenico"]
[Black "Morelli, Gaetano"]
[WhiteElo "2035"]
[BlackElo "1891"]
[Result "1-0"]
[PlyCount "95"]
[EventDate "2013.01.18"]

1. d4 d5 2. Nf3 e6 3. c4 c6 4. Nc3 Nf6 5. Bg5 h6 6. Bxf6 Qxf6 7. e3 Bd6 8. Be2
Nd7 9. O-O dxc4 10. Bxc4 O-O 11. Rc1 b5 12. Bd3 Bb7 13. Ne4 Qe7 14. Nfd2 f5 15.
Nxd6 Qxd6 16. Nb3 e5 17. dxe5 Nxe5 18. Be2 Qe7 19. Nc5 f4 20. e4 f3 21. Bxf3
Nxf3+ 22. gxf3 Bc8 23. Kh1 Qh4 24. Qb3+ Kh8 25. Qe3 Bh3 26. Rg1 Rae8 27. Rg3
Re5 28. Qc3 Rg5 29. b4 Rf7 30. Rcg1 Rf6 31. e5 Rfg6 32. e6 Rd5 33. Qa1 Qf4 34.
e7 Rxg3 35. e8=Q+ Kh7 36. Rxg3 Rd1+ 37. Qe1 Rxe1+ 38. Qxe1 Bf5 39. a3 h5 40.
Qe3 Qc4 41. Ne4 h4 42. Rg1 g6 43. Nd6 Qe6 44. Nxf5 Qxf5 45. Qe7+ Kg8 46. Qe4
Kf7 47. Qxf5+ gxf5 48. Rc1 1-0

[Event "C.to Provinciale CZ"]
[Site "Catanzaro ITA"]
[Date "2013.01.19"]
[Round "3"]
[White "De Zerbi, Sergio"]
[Black "Grillo, Gianluca"]
[WhiteElo "1690"]
[BlackElo "1335"]
[Result "1-0"]
[PlyCount "81"]
[EventDate "2013.01.18"]

1. d4 d5 2. Nf3 Nc6 3. c4 e5 4. Nxe5 Nxe5 5. dxe5 Bb4+ 6. Bd2 Bxd2+ 7. Qxd2 d4
8. g3 Ne7 9. Bg2 Ng6 10. f4 c6 11. Na3 Rb8 12. Nc2 c5 13. O-O Bf5 14. e4 Be6
15. b3 Bd7 16. Ne1 b5 17. Nd3 bxc4 18. bxc4 Ne7 19. Nxc5 Be6 20. Nxe6 fxe6 21.
f5 exf5 22. exf5 d3 23. Rab1 Rxb1 24. Rxb1 Qd4+ 25. Kh1 Nxf5 26. Bc6+ Kf7 27.
Qg5 Qxe5 28. Rb7+ Ke6 29. Bd7+ Kd6 30. Qxf5 Qxf5 31. Bxf5 d2 32. Rd7+ Ke5 33.
Bc2 Rf8 34. Rxd2 Rf1+ 35. Kg2 Ra1 36. Bxh7 Rc1 37. Rc2 Rxc2+ 38. Bxc2 a5 39.
Kf3 g5 40. Ke3 Kd6 41. Kd4 1-0

[Event "C.to Provinciale CZ"]
[Site "Catanzaro ITA"]
[Date "2013.01.19"]
[Round "3"]
[White "Valotta, Massimiliano"]
[Black "Scerra, Ezio"]
[WhiteElo "1851"]
[BlackElo "1593"]
[Result "1-0"]
[PlyCount "86"]
[EventDate "2013.01.18"]

1. e4 e5 2. Nf3 Nf6 3. d3 Nc6 4. Nc3 Bb4 5. h3 a6 6. Bg5 h6 7. Bh4 Be7 8. Be2
d6 9. Bxf6 Bxf6 10. Nd5 Be6 11. Nxf6+ Qxf6 12. Qd2 Nd4 13. Nxd4 exd4 14. Rf1
O-O 15. b3 a5 16. f4 Qh4+ 17. Kd1 f5 18. a4 c5 19. Qe1 Qxe1+ 20. Kxe1 Rab8 21.
Kd2 Rf6 22. g4 fxe4 23. dxe4 Bd7 24. h4 b5 25. axb5 Bxb5 26. Rxa5 Bxe2 27. Kxe2
Re6 28. Kd3 Rbe8 29. Re1 g5 30. f5 Re5 31. Ra6 d5 32. Rg6+ Kh7 33. hxg5 dxe4+
34. Kc4 Rg8 35. Rxh6+ Kg7 36. Rg6+ Kf7 37. Rxg8 Kxg8 38. b4 e3 39. bxc5 Re4 40.
c6 e2 41. c7 d3+ 42. Kxd3 Re8 43. Rxe2 Rc8 1-0

[Event "C.to Provinciale CZ"]
[Site "Catanzaro ITA"]
[Date "2013.01.20"]
[Round "4"]
[White "Blasco, Domenico"]
[Black "Valotta, Massimiliano"]
[WhiteElo "1913"]
[BlackElo "1851"]
[Result "1-0"]
[PlyCount "109"]
[EventDate "2013.01.18"]

1. d4 d5 2. Nf3 Nf6 3. e3 e6 4. Bd3 Bd6 5. O-O Nbd7 6. Nbd2 c5 7. b3 cxd4 8.
exd4 O-O 9. Bb2 a6 10. Ne5 b5 11. f4 Qb6 12. Kh1 Nb8 13. Qf3 Nc6 14. Nxc6 Qxc6
15. c4 bxc4 16. Nxc4 Bb7 17. Na5 Qb6 18. Nxb7 Qxb7 19. Rac1 Rac8 20. g3 a5 21.
Qe2 Rxc1 22. Rxc1 a4 23. bxa4 Qa7 24. Qc2 g6 25. Qc6 Ng4 26. Bb5 Qb8 27. Qc3 h5
28. Ba3 Nf2+ 29. Kg2 Ne4 30. Bxd6 Qxd6 31. Qb3 h4 32. a3 g5 33. fxg5 hxg3 34.
hxg3 Qb6 35. Qb4 Qb8 36. Qb3 f5 37. gxf6 Rxf6 38. Rc2 Rg6 39. Rc3 Qf4 40. Rf3
Qd2+ 41. Kg1 Qxd4+ 42. Qe3 Nd2 43. Kg2 Nxf3 44. Qxf3 e5 45. Be8 Rg7 46. a5 e4
47. Qf5 Qd2+ 48. Kh3 Qg5 49. Qxg5 Rxg5 50. a6 Re5 51. Bc6 d4 52. a7 Ra5 53.
a8=Q+ Rxa8 54. Bxa8 e3 55. Bd5+ 1-0

[Event "C.to Provinciale CZ"]
[Site "Catanzaro ITA"]
[Date "2013.01.20"]
[Round "4"]
[White "Grillo, Gianluca"]
[Black "Bellisario, Carlo"]
[WhiteElo "1335"]
[BlackElo "1589"]
[Result "0-1"]
[PlyCount "82"]
[EventDate "2013.01.18"]

1. d4 Nf6 2. Bf4 d6 3. Nf3 g6 4. c3 Bg7 5. e3 Bg4 6. Nbd2 c6 7. h3 Bxf3 8. gxf3
Nbd7 9. Bd3 b5 10. Qe2 Qb6 11. b4 Nd5 12. Nb1 Nxf4 13. exf4 O-O-O 14. Qxe7 Rhe8
15. Qxe8 Rxe8+ 16. Kd2 Bh6 17. Re1 Bxf4+ 18. Kd1 Rxe1+ 19. Kxe1 Qd8 20. Nd2 Qg5
21. Rd1 Bxd2+ 22. Rxd2 d5 23. Kd1 Qg1+ 24. Kc2 Qa1 25. Kb3 Qh1 26. a4 a6 27.
axb5 axb5 28. Ra2 Qxf3 29. Be2 Qe4 30. Bg4 f5 31. Re2 Qb1+ 32. Rb2 Qe4 33. Re2
Qf4 34. Re8+ Kc7 35. Bd1 Qxf2 36. Re7 h5 37. Re6 Qg3 38. Kc2 f4 39. Kb3 h4 40.
Bg4 Qd3 41. Re7 Qb1+ 0-1

[Event "C.to Provinciale CZ"]
[Site "Catanzaro ITA"]
[Date "2013.01.20"]
[Round "4"]
[White "Morelli, Gaetano"]
[Black "De Zerbi, Sergio"]
[WhiteElo "1891"]
[BlackElo "1690"]
[Result "1-0"]
[PlyCount "81"]
[EventDate "2013.01.18"]

1. e4 c5 2. Nc3 e6 3. f4 Nc6 4. Nf3 a6 5. a4 d6 6. d4 cxd4 7. Nxd4 Qc7 8. Be3
Nf6 9. Be2 Be7 10. O-O Bd7 11. Nb3 b6 12. Kh1 h5 13. Bf3 e5 14. Nd5 Nxd5 15.
exd5 Nd8 16. fxe5 dxe5 17. d6 Bxd6 18. Bxa8 Nc6 19. Qf3 O-O 20. Bxc6 Bxc6 21.
Qxh5 Be4 22. Qe2 Bb7 23. a5 b5 24. Bb6 Qc6 25. Rac1 Be7 26. c4 bxc4 27. Rxc4
Qb5 28. Nc1 Bg5 29. Rc2 Qd5 30. Rc5 Qd7 31. Rxe5 Bf6 32. Rh5 Re8 33. Qf2 Qg4
34. Rf5 Bh4 35. Rf4 Bxf2 36. Rxg4 Bxb6 37. axb6 Re6 38. Rb4 Rc6 39. Nd3 f6 40.
Rc1 Rxc1+ 41. Nxc1 1-0

[Event "C.to Provinciale CZ"]
[Site "Catanzaro ITA"]
[Date "2013.01.20"]
[Round "4"]
[White "Olivo, Paolo"]
[Black "D'Elia, Mario Domenico"]
[WhiteElo "1772"]
[BlackElo "1527"]
[Result "1-0"]
[PlyCount "51"]
[EventDate "2013.01.18"]

1. d4 f5 2. c4 Nf6 3. Nc3 g6 4. Nf3 Bg7 5. Bf4 O-O 6. e3 d6 7. Bd3 a5 8. O-O
Nh5 9. Bg5 Qe8 10. Nd5 Qf7 11. Nxc7 Ra7 12. Rc1 e6 13. Nb5 Ra6 14. c5 dxc5 15.
Rxc5 Nd7 16. Rc7 Qe8 17. Na3 Rb6 18. Qc2 Nhf6 19. Nc4 Ra6 20. Nce5 Rb6 21. Rc1
Nxe5 22. Nxe5 Bd7 23. Bxf6 Rc6 24. Nxc6 Bxf6 25. Rxb7 Kh8 26. Rb8 1-0

[Event "C.to Provinciale CZ"]
[Site "Catanzaro ITA"]
[Date "2013.01.20"]
[Round "4"]
[White "Rotunno, Giuseppe"]
[Black "Cordi', Domenico"]
[WhiteElo "2024"]
[BlackElo "2035"]
[Result "1/2-1/2"]
[PlyCount "59"]
[EventDate "2013.01.18"]

1. d4 Nf6 2. c4 g6 3. g3 Bg7 4. Bg2 c5 5. d5 d6 6. Nc3 O-O 7. e4 a6 8. Nge2 Qc7
9. h3 e5 10. g4 Ne8 11. Ng3 b5 12. cxb5 axb5 13. Nxb5 Qa5+ 14. Nc3 Ba6 15. Bf1
Nc7 16. Bxa6 Qxa6 17. Qe2 Nd7 18. Qxa6 Rxa6 19. b3 Rb8 20. Be3 Rxb3 21. axb3
Rxa1+ 22. Kd2 Rxh1 23. Nxh1 Bf6 24. f3 Kg7 25. Nf2 h6 26. Nd3 Bg5 27. Nb2 Kf6
28. Nc4 Ke7 29. Kd3 Bxe3 30. Kxe3 1/2-1/2

[Event "C.to Provinciale CZ"]
[Site "Catanzaro ITA"]
[Date "2013.01.20"]
[Round "4"]
[White "Scerra, Ezio"]
[Black "Attina', Rodolfo"]
[WhiteElo "1593"]
[BlackElo "1515"]
[Result "1-0"]
[PlyCount "47"]
[EventDate "2013.01.18"]

1. c4 e5 2. Nc3 Nf6 3. g3 g6 4. Bg2 Bg7 5. Nf3 d6 6. d4 Nbd7 7. O-O O-O 8. Bg5
Re8 9. e4 c6 10. d5 Qc7 11. Qd2 Nc5 12. Ne1 a6 13. b4 Ncd7 14. Nf3 c5 15. b5
Qa5 16. Rfb1 Nxe4 17. Nxe4 Qxd2 18. Nfxd2 b6 19. Nxd6 Rf8 20. Be7 a5 21. a4 Nf6
22. Bxf8 Bxf8 23. Nxc8 Rxc8 24. Ne4 1-0

[Event "C.to Provinciale CZ"]
[Site "Catanzaro ITA"]
[Date "2013.01.20"]
[Round "5"]
[White "Bellisario, Carlo"]
[Black "Mercuri, Delia"]
[WhiteElo "1589"]
[BlackElo "1656"]
[Result "0-1"]
[PlyCount "68"]
[EventDate "2013.01.18"]

1. c4 e6 2. Nc3 Nf6 3. g3 d5 4. cxd5 exd5 5. d4 Bf5 6. Bg2 c6 7. Nf3 Bb4 8. Bd2
O-O 9. O-O Nbd7 10. a3 Bxc3 11. Bxc3 h6 12. Nd2 Re8 13. Re1 Qe7 14. h3 Rad8 15.
Qb3 Nb6 16. Ba5 Rd7 17. Bxb6 axb6 18. Qxb6 Qe6 19. Kh2 Ne4 20. Nxe4 Bxe4 21.
Bxe4 Qxe4 22. Rac1 Rde7 23. Rc3 Qf5 24. Kg2 h5 25. e3 g5 26. Qb3 g4 27. hxg4
hxg4 28. Qc2 Qf3+ 29. Kg1 Re6 30. Qe2 Qf5 31. Kg2 Rh6 32. Rcc1 Qe4+ 33. f3
gxf3+ 34. Qxf3 Rh2+ 0-1

[Event "C.to Provinciale CZ"]
[Site "Catanzaro ITA"]
[Date "2013.01.20"]
[Round "5"]
[White "Caputo, Francesco"]
[Black "Olivo, Paolo"]
[WhiteElo "1626"]
[BlackElo "1772"]
[Result "1/2-1/2"]
[PlyCount "37"]
[EventDate "2013.01.18"]

1. e4 c5 2. Nf3 d6 3. d4 cxd4 4. Nxd4 Nf6 5. Nc3 a6 6. Bg5 e6 7. f4 Be7 8. Qf3
Qb6 9. O-O-O Nc6 10. Nb3 Qc7 11. a3 b5 12. e5 dxe5 13. fxe5 Nd7 14. Bxe7 Kxe7
15. Nd4 Bb7 16. Bxb5 Nxd4 17. Qd3 axb5 18. Qxd4 Rhd8 19. Qh4+ 1/2-1/2

[Event "C.to Provinciale CZ"]
[Site "Catanzaro ITA"]
[Date "2013.01.20"]
[Round "5"]
[White "Cordi', Domenico"]
[Black "Blasco, Domenico"]
[WhiteElo "2035"]
[BlackElo "1913"]
[Result "1/2-1/2"]
[PlyCount "109"]
[EventDate "2013.01.18"]

1. e4 g6 2. d4 Bg7 3. Nf3 d6 4. c4 Bg4 5. Be2 Nc6 6. Be3 Bxf3 7. Bxf3 e5 8. d5
Nd4 9. Nc3 c5 10. dxc6 bxc6 11. O-O Ne7 12. Be2 O-O 13. b4 Qc7 14. Qd2 Rad8 15.
Rfc1 f5 16. f3 f4 17. Bf2 c5 18. b5 g5 19. Rcb1 h5 20. a4 Qa5 21. Be1 Kh7 22.
Qb2 Qc7 23. a5 Rb8 24. Bd1 Qd7 25. Ba4 Qc8 26. Qf2 g4 27. Qh4 gxf3 28. Qxe7 Qg4
29. Ra2 Ne2+ 30. Rxe2 fxe2 31. Qh4 f3 32. Qxg4 hxg4 33. b6 axb6 34. axb6 Bh6
35. Nd5 Bd2 36. Bf2 e1=Q+ 37. Rxe1 Bxe1 38. Bxe1 Ra8 39. Nc3 fxg2 40. Kxg2 Ra6
41. Bd7 Rxb6 42. Bxg4 Rb2+ 43. Kg1 Ra8 44. Ne2 Ra1 45. Kf2 Rbb1 46. Bd2 Ra2 47.
Bg5 Rc2 48. Be7 Rb6 49. Be6 Kg6 50. Ke3 Rb3+ 51. Kf2 Rbb2 52. Bg4 Rb6 53. Ke3
Rb3+ 54. Kf2 Rb6 55. Ke3 1/2-1/2

[Event "C.to Provinciale CZ"]
[Site "Catanzaro ITA"]
[Date "2013.01.20"]
[Round "5"]
[White "D'Elia, Mario Domenico"]
[Black "Serratore, Vincenzo"]
[WhiteElo "1527"]
[BlackElo "1766"]
[Result "0-1"]
[PlyCount "92"]
[EventDate "2013.01.18"]

1. d4 d5 2. f4 Nf6 3. Nc3 Bg4 4. Nf3 Nc6 5. Ne5 e6 6. Nxg4 Nxg4 7. g3 f5 8. a3
h5 9. h3 Nf6 10. Bg2 h4 11. gxh4 Rxh4 12. Qd3 Ne4 13. Be3 Bd6 14. Rf1 Qe7 15.
Nb5 O-O-O 16. Qb3 g5 17. Nxd6+ Qxd6 18. O-O-O gxf4 19. Bf2 Ng3 20. Rfe1 Rg8 21.
Kb1 Rhh8 22. Bf1 Ne4 23. Qf3 a6 24. h4 Na5 25. Rd3 Nc4 26. Red1 Qb6 27. b4 Nxf2
28. Qxf2 Rg4 29. Ka2 Rgxh4 30. Rf3 Qd6 31. c3 Ne3 32. Rd2 e5 33. Qe1 e4 34. Rf2
Qc6 35. Kb3 Qb5 36. a4 Qc4+ 37. Kb2 a5 38. Rd1 axb4 39. Rc1 bxc3+ 40. Rxc3 Qxd4
41. Ka3 Nc4+ 42. Ka2 e3 43. Rg2 Nd2 44. Qxh4 Rxh4 45. Rg8+ Kd7 46. Rd3 Qxa4+
0-1

[Event "C.to Provinciale CZ"]
[Site "Catanzaro ITA"]
[Date "2013.01.20"]
[Round "5"]
[White "Miceli, Claudio"]
[Black "Grillo, Gianluca"]
[WhiteElo "1455"]
[BlackElo "1335"]
[Result "1-0"]
[PlyCount "73"]
[EventDate "2013.01.18"]

1. e4 d6 2. d4 g6 3. Nf3 Bg7 4. Be3 Nf6 5. Nc3 a6 6. h3 b5 7. Bd3 Bb7 8. O-O
O-O 9. Re1 b4 10. Ne2 Nxe4 11. Bxe4 Bxe4 12. Ng3 f5 13. Nxe4 fxe4 14. Nd2 d5
15. Nb3 Qd6 16. Qd2 Nc6 17. Bh6 Qf6 18. Bxg7 Kxg7 19. Qe3 e5 20. dxe5 Nxe5 21.
Re2 Nc4 22. Qc5 Rf7 23. Qxd5 Qxb2 24. Rd1 Nb6 25. Qxe4 Qf6 26. Qxb4 Rd8 27.
Rxd8 Qxd8 28. Qc3+ Kg8 29. Qe1 Rf8 30. Kf1 Qc8 31. Nd4 Nd5 32. Nc6 Qd7 33. Ne7+
Nxe7 34. Rxe7 Qd8 35. Qe6+ Kh8 36. Qe5+ Kg8 37. Qg7# 1-0

[Event "C.to Provinciale CZ"]
[Site "Catanzaro ITA"]
[Date "2013.01.20"]
[Round "5"]
[White "Morelli, Gaetano"]
[Black "Rotunno, Giuseppe"]
[WhiteElo "1891"]
[BlackElo "2024"]
[Result "1/2-1/2"]
[PlyCount "37"]
[EventDate "2013.01.18"]

1. e4 d6 2. d4 e5 3. Nf3 exd4 4. Nxd4 Nf6 5. Bd3 Be7 6. b3 Nc6 7. Nxc6 bxc6 8.
Bb2 Nd7 9. O-O Bf6 10. Nc3 Ne5 11. Be2 h5 12. Bxh5 g6 13. Be2 Bg7 14. g3 Qd7
15. f3 Rxh2 16. Kxh2 Qh3+ 17. Kg1 Qxg3+ 18. Kh1 Ng4 19. fxg4 1/2-1/2

[Event "C.to Provinciale VA"]
[Site "Gallarate ITA"]
[Date "2013.01.19"]
[Round "1"]
[White "Brioschi, Camillo"]
[Black "Nossa, Mauro"]
[WhiteElo "1800"]
[BlackElo "1598"]
[Result "1/2-1/2"]
[PlyCount "69"]
[EventDate "2013.01.19"]

1. d4 d5 2. c4 Nf6 3. cxd5 Nxd5 4. e4 Nf6 5. Nc3 g6 6. Be2 a6 7. Nf3 Bg7 8. Be3
O-O 9. Qd2 Re8 10. h3 b5 11. Bd3 Bb7 12. Qc2 c6 13. O-O Nfd7 14. e5 Nf8 15. Ne4
Ne6 16. Neg5 Nc7 17. Ne4 Nd7 18. Nc5 Nxc5 19. Qxc5 Nd5 20. Bd2 e6 21. Ng5 Bf8
22. Qc1 Rc8 23. Qd1 c5 24. Qf3 Qd7 25. dxc5 Bxc5 26. Ne4 Bf8 27. Rac1 Bg7 28.
Nd6 Rxc1 29. Rxc1 Rb8 30. Qe2 Bf8 31. Ne4 Rc8 32. Rxc8 Qxc8 33. Qd1 Be7 34. Qc2
Qxc2 35. Bxc2 1/2-1/2

[Event "C.to Provinciale VA"]
[Site "Gallarate ITA"]
[Date "2013.01.19"]
[Round "1"]
[White "Centofante, Maria Rosa"]
[Black "Cervini, Gian Piero"]
[WhiteElo "1573"]
[BlackElo "1786"]
[Result "0-1"]
[PlyCount "44"]
[EventDate "2013.01.19"]

1. d4 Nf6 2. Nf3 g6 3. c4 Bg7 4. Nc3 d6 5. e4 O-O 6. Bd3 c5 7. d5 e6 8. O-O
exd5 9. cxd5 a6 10. Rb1 b5 11. b3 Re8 12. Qc2 Qa5 13. Bd2 b4 14. Na4 Bd7 15.
Nb2 Bb5 16. Nc4 Bxc4 17. bxc4 Nbd7 18. Rfe1 Ng4 19. h3 Nge5 20. Nh2 Nxd3 21.
Qxd3 Qxa2 22. Qc2 Qxc2 0-1

[Event "C.to Provinciale VA"]
[Site "Gallarate ITA"]
[Date "2013.01.19"]
[Round "1"]
[White "Musso, Roberto"]
[Black "Mondini, Francesco"]
[WhiteElo "1753"]
[BlackElo "1527"]
[Result "1/2-1/2"]
[PlyCount "132"]
[EventDate "2013.01.19"]

{139MB, Fritz8.ctg} 1. e4 1... d5 2. exd5 Qxd5 3. Nc3 Qe5+ 4. Be2 Nc6 5. Nf3
Qc5 6. d4 Qb6 7. O-O Bf5 8. Na4 Qb4 9. c3 Qd6 10. Nc5 b6 11. Nd3 Bxd3 12. Qxd3
O-O-O 13. Qf5+ e6 14. Ba6+ Kb8 15. Qxf7 Nf6 16. Re1 Rd7 17. Qxe6 Qxe6 18. Rxe6
Nd8 19. Re1 Bd6 20. Bg5 Nd5 21. Ne5 Bxe5 22. dxe5 Ne6 23. Bh4 c6 24. Bc4 Rf8
25. Rad1 h5 26. h3 Rf4 27. Bxd5 cxd5 28. Bg3 Rf5 29. Kf1 g5 30. Bh2 Kc7 31. Re3
Kc6 32. g3 Rc7 33. g4 hxg4 34. hxg4 Rf8 35. f3 Rh8 36. Kg2 Rch7 37. Bg3 Nf4+
38. Kf2 Nh3+ 39. Ke2 Nf4+ 40. Kd2 Kc5 41. Kc2 Ne6 42. Red3 Rd8 43. Bf2+ Kc6 44.
Be3 Rh2+ 45. Kc1 Nf4 46. Bxf4 gxf4 47. c4 Rf2 48. cxd5+ Kd7 49. e6+ Kd6 50. Rc3
Ke7 51. g5 Rg2 52. Rc4 Rxg5 53. Rxf4 Rgxd5 54. Rxd5 Rxd5 55. Re4 Rf5 56. f4 Kd6
57. Kd2 Rd5+ 58. Ke3 Ke7 59. Ke2 Rc5 60. Kd2 Rd5+ 61. Kc3 Rc5+ 62. Kb4 Rf5 63.
Kc4 Rc5+ 64. Kb4 Rf5 65. Kc4 Rc5+ 66. Kd4 Rf5 1/2-1/2

[Event "C.to Provinciale VA"]
[Site "Gallarate ITA"]
[Date "2013.01.19"]
[Round "1"]
[White "Schingaro, Angelo"]
[Black "Tomassoni, Leonardo"]
[WhiteElo "1724"]
[BlackElo "1853"]
[Result "1-0"]
[PlyCount "39"]
[EventDate "2013.01.19"]

{139MB, Fritz8.ctg} 1. e4 1... c5 2. Nf3 d6 3. d4 cxd4 4. Nxd4 Nf6 5. Nc3 a6 6.
Be3 e5 7. Nb3 b5 8. f3 Bb7 9. Qd2 Be7 10. O-O-O Nc6 11. g4 h6 12. Kb1 Qc7 13.
h4 O-O-O 14. Bh3 Kb8 15. g5 hxg5 16. hxg5 d5 17. gxf6 dxe4 18. Qf2 Rxd1+ 19.
Rxd1 Bd6 20. Bb6 1-0

[Event "C.to Provinciale VA"]
[Site "Gallarate ITA"]
[Date "2013.01.20"]
[Round "2"]
[White "D'Aulisa, Francesco"]
[Black "Centofante, Maria Rosa"]
[WhiteElo "1748"]
[BlackElo "1573"]
[Result "1/2-1/2"]
[PlyCount "45"]
[EventDate "2013.01.19"]

{139MB, Fritz8.ctg} 1. e4 1... d5 2. exd5 Qxd5 3. d4 Nf6 4. Nf3 c6 5. Be2 Bg4
6. c4 Qa5+ 7. Nc3 e6 8. a3 Nbd7 9. O-O Be7 10. Bd3 O-O 11. Bd2 Qh5 12. Be2 Rfe8
13. h3 Bxf3 14. Bxf3 Qg6 15. Re1 h6 16. Ne4 Rad8 17. b4 Nb6 18. c5 Nbd5 19. Qc2
Nh5 20. Bxh5 Qxh5 21. Ng3 Qh4 22. Re4 Qf6 23. Rae1 1/2-1/2

[Event "C.to Provinciale VA"]
[Site "Gallarate ITA"]
[Date "2013.01.20"]
[Round "2"]
[White "Nossa, Mauro"]
[Black "Collaro, Paolo"]
[WhiteElo "1598"]
[BlackElo "1629"]
[Result "1/2-1/2"]
[PlyCount "83"]
[EventDate "2013.01.19"]

{139MB, Fritz8.ctg} 1. d4 1... d5 2. c4 c6 3. Nc3 dxc4 4. a4 e5 5. e3 exd4 6.
Qxd4 Qxd4 7. exd4 Be6 8. Nf3 Na6 9. g3 Nb4 10. Kd2 Nf6 11. h3 c5 12. Nb5 Nbd5
13. Bxc4 cxd4 14. Nbxd4 Bb4+ 15. Kd1 O-O 16. Nxe6 fxe6 17. Bxd5 Nxd5 18. Ke2
Rac8 19. Rd1 Rc2+ 20. Nd2 Rfc8 21. Kd3 Bxd2 22. Bxd2 Rxb2 23. Rab1 Rcc2 24.
Rxb2 Rxb2 25. a5 b6 26. axb6 axb6 27. Ke4 Kf7 28. h4 Rc2 29. Kd3 Rc8 30. Kd4 b5
31. Rb1 Rb8 32. Rb2 b4 33. Ke5 h5 34. Kd6 g6 35. Kc5 Kf6 36. Bg5+ Kf5 37. Kd4
Rb7 38. Rb3 Nc3 39. Kc4 Nd5 40. Kd3 Rc7 41. Bd2 Rb7 42. Kd4 1/2-1/2

[Event "C.to Provinciale VA"]
[Site "Gallarate ITA"]
[Date "2013.01.20"]
[Round "2"]
[White "Novi', Giuseppe"]
[Black "Musso, Roberto"]
[WhiteElo "1818"]
[BlackElo "1753"]
[Result "1-0"]
[PlyCount "51"]
[EventDate "2013.01.19"]

{139MB, Fritz8.ctg} 1. e4 1... e5 2. Nf3 Nc6 3. Bb5 Nf6 4. O-O a6 5. Ba4 Be7 6.
c3 b5 7. Bc2 O-O 8. d4 d6 9. h3 Re8 10. Re1 h6 11. Nbd2 Bf8 12. Nf1 Rb8 13. Ng3
Bd7 14. b3 b4 15. c4 exd4 16. Nxd4 Nxd4 17. Qxd4 c5 18. Qd3 g6 19. Bb2 Bc6 20.
Rad1 Qe7 21. e5 dxe5 22. Rxe5 Qc7 23. Rde1 Bd6 24. R5e3 Rxe3 25. Rxe3 Re8 26.
Bxf6 1-0

[Event "C.to Provinciale VA"]
[Site "Gallarate ITA"]
[Date "2013.01.20"]
[Round "2"]
[White "Schingaro, Angelo"]
[Black "Pepa, Syrja"]
[WhiteElo "1724"]
[BlackElo "1820"]
[Result "1-0"]
[PlyCount "55"]
[EventDate "2013.01.19"]

{139MB, Fritz8.ctg} 1. e4 1... c5 2. Nf3 Nc6 3. d4 cxd4 4. Nxd4 d6 5. Nc3 a6 6.
Be3 Nf6 7. f3 e6 8. Qd2 Be7 9. O-O-O Bd7 10. g4 Rc8 11. g5 Nh5 12. Rg1 Ne5 13.
h4 Nc4 14. Bxc4 Rxc4 15. Qd3 Rc8 16. Kb1 b5 17. f4 e5 18. fxe5 dxe5 19. Nf5 b4
20. Bb6 Nf4 21. Qxa6 Ra8 22. Bxd8 Rxa6 23. Bxe7 bxc3 24. Bb4 Bxf5 25. exf5 Rb6
26. Bxc3 Ne2 27. Ba5 Rg8 28. Rge1 1-0

[Event "C.to Provinciale VA"]
[Site "Gallarate ITA"]
[Date "2013.01.20"]
[Round "2"]
[White "Tomassoni, Leonardo"]
[Black "Colusso, Ermes"]
[WhiteElo "1853"]
[BlackElo "1714"]
[Result "1/2-1/2"]
[PlyCount "89"]
[EventDate "2013.01.19"]

{139MB, Fritz8.ctg} 1. e4 1... c5 2. Nf3 Nc6 3. d4 cxd4 4. Nxd4 e5 5. Nxc6 bxc6
6. Bc4 Nf6 7. O-O Bc5 8. Bg5 h6 9. Bh4 O-O 10. Nc3 Be7 11. Qe2 d6 12. Kh1 Be6
13. Bxe6 fxe6 14. Qc4 Qc8 15. Rad1 d5 16. exd5 exd5 17. Qe2 Qc7 18. Bg3 Bd6 19.
Rfe1 Rae8 20. f3 Rf7 21. Qd2 Rd7 22. Bh4 Re6 23. f4 e4 24. f5 Bf4 25. Qe2 Re8
26. Bxf6 gxf6 27. g3 Be5 28. Qd2 Kh7 29. Nxe4 Qd8 30. c3 Qe7 31. Nf2 Qg7 32.
Qe2 Rde7 33. Qf3 Bc7 34. Rxe7 Rxe7 35. Ng4 Bb6 36. Rf1 Re4 37. Nf2 Re3 38. Qf4
Re2 39. Nd3 Re4 40. Qd2 Qe7 41. Nb4 Re2 42. Qf4 Re4 43. Qd2 Re2 44. Qf4 Re4 45.
Qd2 1/2-1/2

[Event "C.to Provinciale VA"]
[Site "Gallarate ITA"]
[Date "2013.01.20"]
[Round "3"]
[White "Centofante, Maria Rosa"]
[Black "Tomassoni, Leonardo"]
[WhiteElo "1573"]
[BlackElo "1853"]
[Result "0-1"]
[PlyCount "72"]
[EventDate "2013.01.19"]

{139MB, Fritz8.ctg} 1. d4 1... Nf6 2. Nf3 g6 3. c4 c5 4. d5 d6 5. Nc3 Bg7 6. e4
a6 7. Be2 O-O 8. O-O Nbd7 9. h3 Rb8 10. Be3 b5 11. cxb5 axb5 12. Bxb5 Nxe4 13.
Bc6 Nxc3 14. bxc3 Bxc3 15. Rb1 Rxb1 16. Qxb1 Qa5 17. Qb3 Bg7 18. Nd2 Ne5 19.
Nc4 Nxc4 20. Qxc4 Ba6 21. Qc2 Bxf1 22. Kxf1 Rb8 23. Kg1 Rb2 24. Qc4 Qxa2 25.
Qxa2 Rxa2 26. Kh2 c4 27. Bb5 c3 28. Bc4 Rb2 29. Bd3 e6 30. dxe6 fxe6 31. f4 c2
32. Kg3 Rb3 33. Bxc2 Rxe3+ 34. Kg4 d5 35. Bd1 d4 36. Bf3 d3 0-1

[Event "C.to Provinciale VA"]
[Site "Gallarate ITA"]
[Date "2013.01.20"]
[Round "3"]
[White "Collaro, Paolo"]
[Black "Cervini, Gian Piero"]
[WhiteElo "1629"]
[BlackElo "1786"]
[Result "1/2-1/2"]
[PlyCount "49"]
[EventDate "2013.01.19"]

1. e4 g6 2. d4 Bg7 3. Nc3 d6 4. Be3 Nf6 5. Qd2 Ng4 6. Bg5 h6 7. Bh4 g5 8. Bg3
Nc6 9. h3 Nf6 10. Nf3 e6 11. Be2 Qe7 12. O-O-O Bd7 13. d5 exd5 14. Nxd5 Nxd5
15. exd5 Ne5 16. Rhe1 O-O 17. Nxe5 dxe5 18. Bc4 b5 19. d6 cxd6 20. Qxd6 Qxd6
21. Rxd6 Bxh3 22. Bxf7+ Rxf7 23. gxh3 Re8 24. Red1 h5 25. Rd7 1/2-1/2

[Event "C.to Provinciale VA"]
[Site "Gallarate ITA"]
[Date "2013.01.20"]
[Round "3"]
[White "Colusso, Ermes"]
[Black "Brioschi, Camillo"]
[WhiteElo "1714"]
[BlackElo "1800"]
[Result "1/2-1/2"]
[PlyCount "114"]
[EventDate "2013.01.19"]

{139MB, Fritz8.ctg} 1. e4 1... e5 2. f4 exf4 3. Nf3 g5 4. h4 g4 5. Ng5 h6 6.
Nxf7 Kxf7 7. Qxg4 Nf6 8. Qxf4 d6 9. Bc4+ Be6 10. Bxe6+ Kxe6 11. Qf5+ Kf7 12.
Nc3 Qd7 13. Rf1 Qxf5 14. Rxf5 c6 15. d4 Nbd7 16. Be3 Kg6 17. Rf4 Re8 18. O-O-O
Bg7 19. g4 Nxe4 20. h5+ Kh7 21. Nxe4 d5 22. g5 Rxe4 23. g6+ Kg8 24. Rxe4 dxe4
25. Rf1 Bf6 26. Kd2 Kg7 27. c3 Rf8 28. Rf4 Re8 29. Rf5 Rf8 30. Rf4 Re8 31. Rf5
Re7 32. b3 Re6 33. c4 Rd6 34. Kc3 c5 35. Kd2 cxd4 36. Bf4 Re6 37. Rd5 Nb6 38.
Rc5 Re7 39. Rf5 Nd7 40. Bd6 Re8 41. Bf4 Bg5 42. Rf7+ Kg8 43. Bxg5 hxg5 44. h6
e3+ 45. Ke1 Nf8 46. h7+ Nxh7 47. Rxh7 d3 48. Rd7 d2+ 49. Ke2 g4 50. Rd4 Kg7 51.
Rxg4 Rd8 52. Rg1 Rd6 53. Rd1 Re6 54. a3 Kxg6 55. Rf1 Rf6 56. Rg1+ Kf7 57. Kxe3
Ke7 1/2-1/2